[Event "Oruro Baptista Memorial"]
[Site "Oruro"]
[Date "2023.11.02"]
[Round "4"]
[White "Arias, Pablo"]
[Black "Mirzoev, Azer"]
[Result "0-1"]
[WhiteElo "2033"]
[BlackElo "2415"]
[PlyCount "94"]
[EventDate "2023.11.01"]
[EventType "swiss"]
[EventRounds "9"]
[EventCountry "BOL"]
[SourceTitle "Mega2024 Update 01"]
[Source "Chessbase"]
[SourceDate "2023.11.12"]
[SourceVersion "1"]
[SourceVersionDate "2023.11.12"]
[SourceQuality "1"]

1. e4 e5 2. Nf3 Nc6 3. Bb5 a6 4. Ba4 Nge7 5. c3 d6 6. 0-0 Bd7 7. d4 g6 8. dxe5 dxe5 9. b4 Bg7 10. Bb3 0-0 11. Be3 Qc8 12. Nbd2 Be6 13. Bxe6 Qxe6 14. Qb3 Qxb3 15. Nxb3 Nc8 16. Nfd2 Nd6 17. a4 Rfd8 18. Rfd1 f5 19. f3 Kf7 20. Kf2 Bf6 21. Ke2 h5 22. Rab1 Be7 23. Na5 Nxa5 24. bxa5 Ke6 25. Rb3 fxe4 26. fxe4 Rdc8 27. Rdb1 Rab8 28. Ba7 Ra8 29. Bc5 Bg5 30. Nf3 Nxe4 31. Nxg5+ Nxg5 32. Ke3 Nf7 33. Rxb7 Nd8 34. R7b2 Nc6 35. Bb4 Rab8 36. c4 Rd8 37. Bc3 Rxb2 38. Rxb2 Rd1 39. Rc2 Rb1 40. Kd2 Rb3 41. Ra2 Nd4 42. Ra1 c5 43. Rf1 Ra3 44. Rb1 e4 45. Rb6+ Kf5 46. Rd6 e3+ 47. Kd3 e2 0-1

[Event "La Paz Adalp op"]
[Site "La Paz"]
[Date "2020.02.12"]
[Round "8"]
[White "Meza Crespo, Dario"]
[Black "Arias, Pablo"]
[Result "1/2-1/2"]
[WhiteElo "2003"]
[BlackElo "2036"]
[PlyCount "85"]
[EventDate "2020.02.07"]
[EventType "swiss"]
[EventRounds "9"]
[EventCountry "BOL"]
[SourceTitle "CBM 195 Extra"]
[Source "ChessBase"]
[SourceDate "2020.05.31"]
[SourceVersion "1"]
[SourceVersionDate "2020.05.31"]
[SourceQuality "1"]

1. d4 d5 2. Nf3 Nf6 3. Bf4 g6 4. e3 Bg7 5. h3 0-0 6. Nbd2 c5 7. c3 cxd4 8. exd4 Nc6 9. Be2 Nd7 10. Qb3 Nb6 11. 0-0 f6 12. Rad1 Be6 13. Rfe1 Bf7 14. Bb5 a6 15. Bf1 Re8 16. Bg3 h6 17. Qc2 e5 18. dxe5 fxe5 19. c4 Rc8 20. cxd5 Nxd5 21. Qb1 Kh7 22. Nc4 Qc7 23. Qe4 Nf6 24. Qh4 Bxc4 25. Ng5+ Kh8 26. Bxc4 Re7 27. Rd2 b5 28. Bb3 a5 29. Ne6 Rxe6 30. Bxe6 g5 31. Bxe5 gxh4 32. Bxc7 Rxc7 33. Rc2 Ne8 34. Bd5 Re7 35. Rxe7 Nxe7 36. Bf3 Bf6 37. Rc5 Nd6 38. b3 Kg7 39. Rc7 Kf7 40. Ra7 Bc3 41. a3 Kf6 42. Rc7 Bb2 43. Rd7 1/2-1/2

[Event "South America-ch U20"]
[Site "Santa Cruz"]
[Date "2014.04.28"]
[Round "7"]
[White "Arias, Pablo"]
[Black "Pichot, Alan"]
[Result "0-1"]
[WhiteElo "2071"]
[BlackElo "2415"]
[PlyCount "66"]
[EventDate "2014.04.24"]
[EventType "swiss"]
[EventRounds "9"]
[EventCountry "BOL"]
[SourceTitle "CBM 160 Extra"]
[Source "ChessBase"]
[SourceDate "2014.07.01"]
[SourceVersion "1"]
[SourceVersionDate "2014.07.01"]
[SourceQuality "1"]

1. d4 Nf6 2. Nf3 g6 3. Bg5 Bg7 4. Nbd2 0-0 5. c3 d6 6. e4 Nc6 7. Bc4 h6 8. Bxf6 Bxf6 9. 0-0 e5 10. dxe5 Nxe5 11. Nxe5 dxe5 12. Qf3 Bg7 13. Rfd1 Kh8 14. Nf1 Qe7 15. Ne3 f5 16. Rd2 f4 17. Nd5 Qc5 18. Be2 Rf7 19. b4 Qf8 20. Rad1 Be6 21. Bc4 Re8 22. b5 c6 23. bxc6 bxc6 24. Bb3 cxd5 25. exd5 Bd7 26. Qe4 Bf5 27. Qa4 e4 28. d6 Rd7 29. Rd5 e3 30. fxe3 fxe3 31. g4 Be6 32. Rf1 Rf7 33. Rdd1 e2 0-1

[Event "South America-ch U20"]
[Site "Santa Cruz"]
[Date "2014.04.24"]
[Round "1"]
[White "Henriquez Villagra, Cristobal"]
[Black "Arias, Pablo"]
[Result "1-0"]
[WhiteElo "2459"]
[BlackElo "2071"]
[PlyCount "95"]
[EventDate "2014.04.24"]
[EventType "swiss"]
[EventRounds "9"]
[EventCountry "BOL"]
[SourceTitle "CBM 160 Extra"]
[Source "ChessBase"]
[SourceDate "2014.07.01"]
[SourceVersion "1"]
[SourceVersionDate "2014.07.01"]
[SourceQuality "1"]

1. e4 c5 2. Nf3 e6 3. d4 cxd4 4. Nxd4 a6 5. Bd3 Bc5 6. Nb3 Ba7 7. c4 d6 8. Nc3 Nc6 9. Qc2 Nf6 10. 0-0 0-0 11. Be3 Ne5 12. Bxa7 Rxa7 13. f4 Nxd3 14. Qxd3 b6 15. Nd4 Rd7 16. Rad1 Bb7 17. Rfe1 Qc7 18. f5 e5 19. Nc2 b5 20. Nd5 Bxd5 21. cxd5 Qc5+ 22. Ne3 Qb4 23. a3 Qxe4 24. Qc3 Rdd8 25. Qc6 Qa4 26. Rc1 Qd4 27. Qxa6 Nxd5 28. Rcd1 Qb6 29. Qxb6 Nxb6 30. Nd5 Nc4 31. Re2 Rd7 32. Rd3 Rb8 33. Rc2 f6 34. a4 Nb6 35. a5 Nxd5 36. Rxd5 Kf7 37. b4 Ke7 38. Rc6 Rbb7 39. g4 g6 40. Kf2 Rbc7 41. Rdxd6 Rxc6 42. Rxc6 gxf5 43. gxf5 Rb7 44. Re6+ Kf7 45. Rb6 Rd7 46. Ke3 Rd1 47. Rb7+ Ke8 48. a6 1-0

[Event "Wch U18"]
[Site "Al Ain"]
[Date "2013.12.23"]
[Round "8"]
[White "Arias, Pablo"]
[Black "Patil, Pratik"]
[Result "1-0"]
[WhiteElo "2084"]
[BlackElo "2265"]
[PlyCount "59"]
[EventDate "2013.12.18"]
[EventType "swiss"]
[EventRounds "11"]
[EventCountry "UAE"]
[SourceTitle "CBM 158 Extra"]
[Source "ChessBase"]
[SourceDate "2014.02.28"]
[SourceVersion "1"]
[SourceVersionDate "2014.02.28"]
[SourceQuality "1"]

1. e4 c5 2. Nf3 e6 3. d4 cxd4 4. Nxd4 a6 5. Nc3 b5 6. Bd3 Qb6 7. Nb3 Qc7 8. 0-0 d6 9. Be3 Nd7 10. a4 bxa4 11. Rxa4 Ngf6 12. Qe2 Nb8 13. Nb5 Qb7 14. Na5 Qe7 15. Nc4 axb5 16. Rxa8 bxc4 17. Bxc4 Qc7 18. Bb5+ Nfd7 19. Ba7 Nc6 20. Qc4 Nde5 21. Qa4 Ke7 22. Bb6 Qxb6 23. Rxc8 Nd4 24. Bd3 g5 25. Qa8 Ng4 26. c3 Nb5 27. Rb8 Nc7 28. Rb7 Ne5 29. Qb8 Bg7 30. Rxc7+ 1-0

[Event "Wch U18"]
[Site "Al Ain"]
[Date "2013.12.21"]
[Round "5"]
[White "Arias, Pablo"]
[Black "Iyti, Basher"]
[Result "1/2-1/2"]
[WhiteElo "2084"]
[BlackElo "2269"]
[PlyCount "103"]
[EventDate "2013.12.18"]
[EventType "swiss"]
[EventRounds "11"]
[EventCountry "UAE"]
[SourceTitle "CBM 158 Extra"]
[Source "ChessBase"]
[SourceDate "2014.02.28"]
[SourceVersion "1"]
[SourceVersionDate "2014.02.28"]
[SourceQuality "1"]

1. e4 g6 2. d4 Bg7 3. Nc3 c6 4. f4 d5 5. Nf3 dxe4 6. Nxe4 Nf6 7. Nxf6+ exf6 8. Bd3 0-0 9. 0-0 Bg4 10. c3 Qc8 11. Qc2 c5 12. f5 Bxf3 13. Rxf3 cxd4 14. cxd4 Qxc2 15. Bxc2 Nc6 16. Be3 Rad8 17. Rd1 Nb4 18. Bb3 Nd5 19. g4 Rfe8 20. Kf2 b5 21. Bxd5 Rxd5 22. Rc1 Rd6 23. Rc7 a6 24. h4 Bf8 25. h5 g5 26. Rg3 Rb6 27. Rg1 Bd6 28. Rc2 Rb7 29. Rd1 Rbe7 30. Rd3 Re4 31. Kf3 Bf4 32. Re2 Bxe3 33. Rdxe3 Rf4+ 34. Kg3 Rxe3+ 35. Rxe3 Rxd4 36. Re2 Kf8 37. Kf3 Rd3+ 38. Re3 Rd2 39. Re2 Rd1 40. Re3 a5 41. a3 Rf1+ 42. Kg3 a4 43. Re4 Rd1 44. Kf3 Rd3+ 45. Ke2 Rb3 46. Rb4 Ke7 47. Rxb3 axb3 48. Kd3 Kd6 49. h6 Ke5 50. Ke3 Kd5 51. Kd3 Ke5 52. Ke3 1/2-1/2

[Event "Pan American-ch U18 24th"]
[Site "Pocos de Caldas"]
[Date "2013.07.27"]
[Round "2.8"]
[White "Van de Seijp, Quintin"]
[Black "Arias, Pablo"]
[Result "0-1"]
[WhiteElo "1924"]
[BlackElo "2078"]
[PlyCount "56"]
[EventDate "2013.07.25"]
[EventType "swiss"]
[EventRounds "9"]
[EventCountry "BRA"]
[SourceTitle "EXT 2016"]
[Source "ChessBase"]
[SourceDate "2015.10.08"]
[SourceVersion "1"]
[SourceVersionDate "2015.10.08"]
[SourceQuality "1"]

1. d4 d5 2. c4 c6 3. Nc3 Nf6 4. Nf3 e6 5. Bg5 h6 6. Bh4 dxc4 7. a4 Bb4 8. e3 b5 9. Nd2 Bb7 10. Be2 Nbd7 11. Bf3 Qb6 12. Qc2 a6 13. 0-0 0-0 14. Rab1 Rfc8 15. b3 Nd5 16. Na2 Bxd2 17. Qxd2 cxb3 18. Rxb3 c5 19. axb5 c4 20. Rbb1 axb5 21. Nb4 c3 22. Qe2 c2 23. Nxd5 Bxd5 24. Rbc1 Bxf3 25. Qxf3 Ra4 26. Rfe1 b4 27. Qe2 b3 28. Qd3 Rac4 0-1

[Event "American Continental 09th"]
[Site "Cochabamba"]
[Date "2013.05.15"]
[Round "11"]
[White "Arias, Pablo"]
[Black "Pacheco, Marco"]
[Result "0-1"]
[WhiteElo "2050"]
[BlackElo "2384"]
[PlyCount "72"]
[EventDate "2013.05.07"]
[EventType "swiss"]
[EventRounds "11"]
[EventCountry "BOL"]
[SourceTitle "CBM 154 Extra"]
[Source "ChessBase"]
[SourceDate "2013.06.25"]
[SourceVersion "2"]
[SourceVersionDate "2013.06.25"]
[SourceQuality "1"]

1. e4 e6 2. d4 d5 3. e5 c5 4. c3 Nc6 5. Nf3 Qb6 6. Be2 cxd4 7. cxd4 Nh6 8. Bd3 Bd7 9. Bc2 Nf5 10. Bxf5 exf5 11. 0-0 h6 12. Nc3 Be6 13. h4 Be7 14. a3 Qd8 15. h5 g5 16. hxg6 fxg6 17. Na4 b6 18. Qd3 Qd7 19. Bd2 g5 20. Rfe1 0-0 21. b4 Kg7 22. b5 Nd8 23. Rac1 f4 24. Bb4 Bxb4 25. axb4 Rc8 26. Nc5 bxc5 27. dxc5 Bf5 28. Qc3 Ne6 29. Nd4 f3 30. Ra1 fxg2 31. Ra6 Qf7 32. Rea1 Qh5 33. Nxe6+ Bxe6 34. Kxg2 d4 35. Qxd4 Qh3+ 36. Kg1 Rf4 0-1

[Event "American Continental 09th"]
[Site "Cochabamba"]
[Date "2013.05.14"]
[Round "10"]
[White "Cornejo, Max"]
[Black "Arias, Pablo"]
[Result "1-0"]
[WhiteElo "2380"]
[BlackElo "2050"]
[PlyCount "62"]
[EventDate "2013.05.07"]
[EventType "swiss"]
[EventRounds "11"]
[EventCountry "BOL"]
[SourceTitle "CBM 154 Extra"]
[Source "ChessBase"]
[SourceDate "2013.06.25"]
[SourceVersion "2"]
[SourceVersionDate "2013.06.25"]
[SourceQuality "1"]

1. e4 c5 2. Nf3 Nc6 3. Bb5 e6 4. Bxc6 bxc6 5. d3 d5 6. c4 dxe4 7. dxe4 Qxd1+ 8. Kxd1 f6 9. e5 fxe5 10. Nxe5 Bd6 11. Re1 Nf6 12. f4 0-0 13. Nd2 Bxe5 14. fxe5 Nd7 15. Nf3 Nb8 16. Bg5 Re8 17. Ke2 h6 18. Be3 Na6 19. Rad1 Re7 20. Rd8+ Kh7 21. Red1 Bb7 22. Rxa8 Bxa8 23. a3 Bb7 24. Rd6 Kg6 25. Kd3 Kf5 26. h3 Kg6 27. g4 Kf7 28. Nd2 Re8 29. Rd7+ Re7 30. Rd6 Bc8 31. Ne4 Rd7 1-0

[Event "American Continental 09th"]
[Site "Cochabamba"]
[Date "2013.05.09"]
[Round "3"]
[White "Arias, Pablo"]
[Black "Caba, Edgar"]
[Result "1/2-1/2"]
[WhiteElo "2050"]
[BlackElo "1861"]
[PlyCount "58"]
[EventDate "2013.05.07"]
[EventType "swiss"]
[EventRounds "11"]
[EventCountry "BOL"]
[SourceTitle "CBM 154 Extra"]
[Source "ChessBase"]
[SourceDate "2013.06.25"]
[SourceVersion "2"]
[SourceVersionDate "2013.06.25"]
[SourceQuality "1"]

1. e4 e5 2. Nf3 Nf6 3. Nxe5 d6 4. Nf3 Nxe4 5. d4 d5 6. Bd3 Nc6 7. 0-0 Be7 8. c4 Nb4 9. Be2 dxc4 10. Bxc4 0-0 11. a3 Nd5 12. Re1 Nef6 13. Nc3 c5 14. Ne5 Be6 15. Qc2 Qb6 16. Nf3 h6 17. Na4 Qc7 18. Nxc5 Bc8 19. Bd2 b6 20. Ne4 Be6 21. Rac1 Nxe4 22. Qxe4 Nf6 23. Qe2 Bxc4 24. Qxc4 Rac8 25. Ne5 b5 26. Ng6 Rfe8 27. Nxe7+ Rxe7 28. Qxc7 Rexc7 29. Rxc7 Rxc7 1/2-1/2

[Event "American Continental 09th"]
[Site "Cochabamba"]
[Date "2013.05.07"]
[Round "1"]
[White "Arias, Pablo"]
[Black "Cori Tello, Deysi Estella"]
[Result "0-1"]
[WhiteElo "2050"]
[BlackElo "2430"]
[PlyCount "56"]
[EventDate "2013.05.07"]
[EventType "swiss"]
[EventRounds "11"]
[EventCountry "BOL"]
[SourceTitle "CBM 154 Extra"]
[Source "ChessBase"]
[SourceDate "2013.06.25"]
[SourceVersion "2"]
[SourceVersionDate "2013.06.25"]
[SourceQuality "1"]

1. e4 c5 2. Nf3 e6 3. d4 cxd4 4. Nxd4 Nc6 5. c4 Nf6 6. Nc3 Bb4 7. Nxc6 bxc6 8. Bd3 e5 9. 0-0 0-0 10. Kh1 d6 11. a3 Bc5 12. Bg5 h6 13. Bh4 g5 14. Bg3 a5 15. Rb1 Rb8 16. Na4 Bd4 17. b4 axb4 18. axb4 Qe7 19. b5 cxb5 20. cxb5 Be6 21. Qe2 Ra8 22. Nb2 Ra2 23. h4 Nd7 24. h5 Nc5 25. Rfd1 Nxd3 26. Rxd3 Bc4 27. Qg4 Rxb2 28. Rxb2 Bxb2 0-1

[Event "South America-ch U20 6th"]
[Site "Tarija"]
[Date "2011.05.04"]
[Round "2"]
[White "Arias, Pablo"]
[Black "Monroy Carrizo, Javier"]
[Result "1/2-1/2"]
[WhiteElo "2080"]
[BlackElo "2046"]
[PlyCount "143"]
[EventDate "2011.05.03"]
[EventType "swiss"]
[EventRounds "9"]
[EventCountry "BOL"]
[SourceTitle "EXT 2022"]
[Source "ChessBase"]
[SourceDate "2021.10.06"]
[SourceVersion "1"]
[SourceVersionDate "2021.10.06"]
[SourceQuality "1"]

1. e4 e6 2. Qe2 c5 3. g3 Nc6 4. c3 Nge7 5. Nf3 d5 6. d3 d4 7. c4 a6 8. Bg2 e5 9. 0-0 g6 10. Nh4 Bg7 11. Nd2 0-0 12. f4 f5 13. exf5 Bxf5 14. Nxf5 Rxf5 15. Bh3 Rf8 16. Ne4 Qb6 17. Ng5 Nd8 18. fxe5 Rxf1+ 19. Kxf1 h6 20. Nf3 Ne6 21. b3 Rf8 22. Bd2 Qc6 23. Bg2 Nf5 24. Kg1 Qc7 25. Qe4 Qc6 26. Qe2 Qc7 27. Re1 Re8 28. g4 Ne7 29. Nh4 g5 30. Nf5 Ng6 31. Nd6 Re7 32. Nf5 Re8 33. Qe4 Ngf4 34. Bxf4 Nxf4 35. Nxg7 Kxg7 36. Bf3 Re6 37. Qf5 Qa5 38. Qe4 Qb4 39. Rd1 Ng6 40. Qxb7+ Qxb7 41. Bxb7 Rxe5 42. Be4 Nf4 43. Kf2 a5 44. Kf3 Re6 45. h4 Ng6 46. hxg5 hxg5 47. Rh1 Ne5+ 48. Ke2 Ng6 49. Kd2 Nh4 50. Rf1 Rf6 51. Bf5 Ng2 52. Rh1 Ne3 53. Rh7+ Kf8 54. Rh8+ Ke7 55. Rh7+ Kd6 56. Ra7 Nxf5 57. gxf5 Rxf5 58. Rxa5 g4 59. b4 Rf2+ 60. Ke1 Rf3 61. Rxc5 Rxd3 62. Rd5+ Kc6 63. Ke2 Re3+ 64. Kf1 d3 65. b5+ Kb6 66. Kf2 Re4 67. Rxd3 Rxc4 68. Rb3 Rc2+ 69. Kg3 Rxa2 70. Kxg4 Ra5 71. Kf3 Rxb5 72. Rxb5+ 1/2-1/2

[Event "South America-ch U20 6th"]
[Site "Tarija"]
[Date "2011.05.03"]
[Round "1"]
[White "Delgadillo, Adonai"]
[Black "Arias, Pablo"]
[Result "1-0"]
[WhiteElo "2216"]
[BlackElo "2080"]
[PlyCount "99"]
[EventDate "2011.05.03"]
[EventType "swiss"]
[EventRounds "9"]
[EventCountry "BOL"]
[SourceTitle "EXT 2022"]
[Source "ChessBase"]
[SourceDate "2021.10.06"]
[SourceVersion "1"]
[SourceVersionDate "2021.10.06"]
[SourceQuality "1"]

1. e4 c5 2. Nf3 Nc6 3. d4 cxd4 4. Nxd4 Nf6 5. Nc3 e5 6. Ndb5 d6 7. Bg5 a6 8. Na3 b5 9. Nd5 Be7 10. Bxf6 Bxf6 11. c4 b4 12. Nc2 Rb8 13. Qf3 Bg5 14. Be2 0-0 15. h4 Bh6 16. g4 f6 17. Qg3 Be6 18. Rd1 Qa5 19. Kf1 Bf4 20. Nxf4 exf4 21. Qxf4 Ne5 22. b3 Qxa2 23. Nd4 Bd7 24. Qg3 Qa5 25. f4 Nc6 26. Nf5 Bxf5 27. gxf5 Rbe8 28. Rg1 Re7 29. Rxd6 Qc5 30. Rd5 Qa7 31. Qd3 Qc7 32. Rd6 Nd8 33. Qd5+ Nf7 34. Bh5 Kh8 35. Bxf7 Rexf7 36. Kg2 Re7 37. Kf3 Rfe8 38. Rd1 h6 39. Re6 Kh7 40. h5 Rxe6 41. fxe6 Qb6 42. f5 a5 43. c5 Qb8 44. Qd6 Qb5 45. Qd7 Qxc5 46. Qxe8 Qc3+ 47. Kg4 Qc7 48. Qg6+ Kh8 49. Rd7 Qxd7 50. exd7 1-0

[Event "Pan American-ch U14"]
[Site "Mar del Plata"]
[Date "2009.08.17"]
[Round "2"]
[White "Marson, Juan Miguel"]
[Black "Arias, Pablo"]
[Result "0-1"]
[WhiteElo "1686"]
[BlackElo "2116"]
[PlyCount "64"]
[EventDate "2009.08.16"]
[EventType "swiss"]
[EventRounds "9"]
[EventCountry "ARG"]
[SourceTitle "EXT 2022"]
[Source "ChessBase"]
[SourceDate "2021.10.06"]
[SourceVersion "1"]
[SourceVersionDate "2021.10.06"]
[SourceQuality "1"]

1. e4 c5 2. Nf3 d6 3. d4 cxd4 4. Nxd4 Nf6 5. Nc3 a6 6. Be2 e5 7. Nb3 Be6 8. Be3 Be7 9. 0-0 Nbd7 10. h3 Qc7 11. Qd2 Rc8 12. f4 0-0 13. f5 Bc4 14. g4 b5 15. g5 b4 16. Nd5 Nxd5 17. exd5 Bxe2 18. Qxe2 Qxc2 19. Qf3 Qxb2 20. Rf2 Rc2 21. Rxc2 Qxc2 22. Nd2 Qb2 23. Rb1 Qc3 24. Ne4 Qd3 25. Rd1 Qa3 26. f6 gxf6 27. Re1 fxg5 28. Qf5 Nc5 29. Nxc5 dxc5 30. Qxe5 Qc3 31. Qg3 f5 32. Qh2 Qxe1+ 0-1